00441nam a2200133Ia 4500008004100000024004400041082001800085100005100103110002400154245003600178260002600214600004200240650002500282260210s9999 xx 000 0 und d a20B-028-SE, 20B-060-SE & 20B-034-SE a006.31072 FAH aUnsa Fahim, Adeena Hussain & Sania Shafeeq aMiss. Sitwat Ashraf 0aResummend AI Recruitment Agency aKarachi:bUITU,c2020 aBachelor of Software Engineering (SE) aSoftware Engineering